000 00821nam a2200265 a 4500
008
020 _a0443059780 (pbk.)
049 _aMAIN
090 _aRB127
_bPAI
245 1 0 _aPain :
_ba text book for therapists /
_bedited by Jenny Strong... [et.al] ; foreword by Patrick D. Wall.
260 _aEdinburgh :
_bChurchill livingstone,
_c2002.
300 _axiv, 461 p. :
_bill. ;
_c25 cm.
500 _aIncludes index.
504 _aIncludes bibliographical references.
650 _aTherapeutics.
650 _aTherapeutics, Physiological.
650 1 _aPain
650 _aPain
_xPhysiological aspects.
700 _aStrong, Jenny.
907 _a.b1025738x
_b16-02-12
_c12-11-08
003
005 20230120204006.0
040 _cNUST
942 _cBOOKS
_kRB127
_mPAI
999 _c115185
_d115185